=LDR 00000nam 2200000 4500 =001 INLIS000000000029005 =005 20130612131254 =008 ***********************************ind** =035 ##$$0010-061300000029005 =041 ##$$a ind =082 ##$$a 813 =090 ##$$a 813, ATM k =100 ##$$a Atmowiloto, Arswendo =245 ##$$a Kisah para ratib, Arswendo Atmowiloto =260 ##$$a 1996 $b Jakarta =300 ##$$a iv, 292 hlm., 20 cm =650 ##$$a Fiksi Dewasa =850 ##$$a NBPNMAT =990 ##$$a 16391639 =990 ##$$a 01201901639 =990 ##$$a 92.504/Pb.96